Normal view
MARC view
Entry Personal Name
001 - CONTROL NUMBER
- control field: 1236491
003 - CONTROL NUMBER IDENTIFIER
- control field: OSt
005 - DATE AND TIME OF LATEST TRANSACTION
- control field: 20260430150117.0
008 - FIXED-LENGTH DATA ELEMENTS
- fixed length control field: 260430|| aca||aabn | a|a d
040 ## - CATALOGING SOURCE
- Original cataloging agency: OSt
- Transcribing agency: OSt
100 ## - HEADING--PERSONAL NAME
- Personal name: Thareja Rashi Au.; Panda Shiba C. Gu.; Ravinder Kumar Gu
670 ## - SOURCE DATA FOUND
- Source citation: Work cat.: (OSt)1848973: Thareja Rashi Au.; Panda Shiba C. Gu.; Ravinder Kumar Gu., Successful women entrepreneurs in india: A study of factors anf traits, 2021
